000
00288nam a22001337a 4500
008
170816b xxu||||| |||| 00| 0 eng d
020
_a
002439957
041
_a
eng
080
_a
5 ED
100
_a
36
101
_a
MAT
245
_a
FINITE MATHEMATICS
_c
BARNET.R.A
942
_2
udc
_c
BK
999
_c
23799
_d
23799